[Event "Baku Summer GM"]
[Site "Baku"]
[Date "2019.07.04"]
[Round "2.2"]
[White "Allahverdiyev, Anar"]
[Black "Tarlabasi, Emirhan"]
[Result "1-0"]
[WhiteElo "2425"]
[BlackElo "2352"]
[PlyCount "79"]
[EventDate "2019.07.03"]
[EventType "team-schev"]
[EventRounds "9"]
[EventCountry "AZE"]
[SourceTitle "CBM 191 Extra"]
[Source "ChessBase"]
[SourceDate "2019.09.30"]
[SourceVersion "1"]
[SourceVersionDate "2019.09.30"]
[SourceQuality "1"]
[WhiteTeam "Black team Soffia A"]
[BlackTeam "Green Team (U16)"]
[WhiteTeamCountry "AZE"]
[BlackTeamCountry "AZE"]

1. d4 d5 2. Nf3 Nf6 3. c4 e6 4. Nc3 Be7 5. Bf4 0-0 6. e3 b6 7. cxd5 exd5 8. Bd3 Bb7 9. 0-0 a6 10. Ne5 c5 11. Qf3 Nc6 12. Qh3 g6 13. Bh6 Re8 14. f4 cxd4 15. exd4 Nxd4 16. Rae1 Bc5 17. Kh1 Qd6 18. Qh4 Ne4 19. Rxe4 Nf5 20. Qh3 Nxh6 21. Qxh6 dxe4 22. Bc4 Re6 23. Nxf7 Kxf7 24. f5 Ke7 25. Qg7+ Kd8 26. fxe6 Kc8 27. Rd1 Qe7 28. Qh8+ Kc7 29. Qe5+ Bd6 30. Nd5+ Bxd5 31. Qxd5 Rd8 32. Bxa6 Kb8 33. Qxe4 Ka7 34. Be2 Bc5 35. Rxd8 Qxd8 36. Bf3 Qc8 37. e7 Bb4 38. g3 Qc1+ 39. Kg2 Qd2+ 40. Be2 1-0

[Event "Baku Summer GM"]
[Site "Baku"]
[Date "2019.07.03"]
[Round "1.2"]
[White "Allahverdiyev, Anar"]
[Black "Mosadeghpour, Masoud"]
[Result "0-1"]
[WhiteElo "2425"]
[BlackElo "2494"]
[PlyCount "114"]
[EventDate "2019.07.03"]
[EventType "team-schev"]
[EventRounds "9"]
[EventCountry "AZE"]
[SourceTitle "CBM 191 Extra"]
[Source "ChessBase"]
[SourceDate "2019.09.30"]
[SourceVersion "1"]
[SourceVersionDate "2019.09.30"]
[SourceQuality "1"]
[WhiteTeam "Black team Soffia A"]
[BlackTeam "White Team GMs"]
[WhiteTeamCountry "AZE"]
[BlackTeamCountry "AZE"]

1. c4 e5 2. Nc3 Nf6 3. g3 d5 4. cxd5 Nxd5 5. Bg2 Nb6 6. Nf3 Nc6 7. 0-0 Be7 8. d3 0-0 9. Be3 Be6 10. Ne4 Nd5 11. Bc5 f6 12. Rc1 b6 13. Bxe7 Ndxe7 14. Qa4 Qd7 15. Rfd1 Rad8 16. e3 Nd4 17. Qxd7 Nxf3+ 18. Bxf3 Rxd7 19. d4 exd4 20. Rxd4 Rxd4 21. exd4 c6 22. Nc3 Rd8 23. Rd1 Kf7 24. Kf1 Bc4+ 25. Ke1 Nf5 26. d5 Re8+ 27. Kd2 Nd4 28. Bg2 c5 29. Rb1 a5 30. b3 Ba6 31. Re1 Rd8 32. Kc1 f5 33. Re5 Kf6 34. Re3 Bb7 35. Kb2 Bc8 36. Na4 Rd6 37. Re8 Bd7 38. Rd8 Ke7 39. Rb8 Bxa4 40. bxa4 Kf6 41. Kc3 g5 42. Kc4 g4 43. Rb7 h5 44. Rh7 Kg6 45. Rc7 Rf6 46. h4 gxh3 47. Bxh3 f4 48. gxf4 Rxf4 49. d6 Nf5+ 50. Kd5 Rd4+ 51. Ke5 Nxd6 52. Rc6 Kg5 53. Rxd6 Rxd6 54. Kxd6 Kf4 55. Be6 h4 56. Kc6 Ke5 57. Bd5 Kd4 0-1

[Event "Baku op-A"]
[Site "Baku"]
[Date "2011.08.07"]
[Round "2"]
[White "Allahverdiyev, Anar"]
[Black "Smirin, Ilia"]
[Result "1-0"]
[WhiteElo "2421"]
[BlackElo "2676"]
[PlyCount "81"]
[EventDate "2011.08.06"]
[EventType "swiss"]
[EventRounds "9"]
[EventCountry "AZE"]
[SourceTitle "CBM 143 Extra"]
[Source "ChessBase"]
[SourceDate "2011.08.29"]
[SourceVersion "1"]
[SourceVersionDate "2011.08.29"]
[SourceQuality "1"]

1. c4 g6 2. Nc3 Bg7 3. g3 e5 4. Bg2 Nc6 5. Rb1 f5 6. b4 Nf6 7. b5 Ne7 8. d3 h6 9. e4 d6 10. Nge2 0-0 11. 0-0 Kh8 12. d4 Ng4 13. h3 exd4 14. hxg4 dxc3 15. exf5 h5 16. Nf4 hxg4 17. Ne6 Bxe6 18. fxe6 a6 19. Qxg4 axb5 20. Rxb5 Kg8 21. Bg5 Bf6 22. Bh6 Bg7 23. Bg5 Bf6 24. Bh6 Bg7 25. Bxg7 Kxg7 26. Qd4+ Kg8 27. Qxc3 Rxa2 28. Rxb7 Qc8 29. c5 d5 30. Qb3 Rd2 31. c6 Qd8 32. Qc3 Re2 33. Qa5 Rxe6 34. Qxc7 Qxc7 35. Rxc7 Rd8 36. Rc1 Kf8 37. Bh3 Nf5 38. Rh7 Ke8 39. c7 Rc8 40. Bf1 Nd4 41. Rd1 1-0

[Event "TUR-chT2"]
[Site "Konya"]
[Date "2011.07.08"]
[Round "6"]
[White "Garabetyan, Arno"]
[Black "Allahverdiyev, Anar"]
[Result "0-1"]
[WhiteElo "2066"]
[BlackElo "2421"]
[PlyCount "106"]
[EventDate "2011.07.04"]
[EventType "team-swiss"]
[EventRounds "9"]
[EventCountry "TUR"]
[SourceTitle "CBM 143 Extra"]
[Source "ChessBase"]
[SourceDate "2011.08.29"]
[SourceVersion "1"]
[SourceVersionDate "2011.08.29"]
[SourceQuality "1"]
[WhiteTeam "Istanbul Sisli"]
[BlackTeam "Ankara Demirspor"]
[WhiteTeamCountry "TUR"]
[BlackTeamCountry "TUR"]

1. d4 Nf6 2. c4 e6 3. Nf3 c5 4. d5 d6 5. Nc3 exd5 6. cxd5 g6 7. e4 Bg7 8. Bd3 a6 9. a4 Bg4 10. h3 Bxf3 11. Qxf3 Nbd7 12. Qe2 0-0 13. 0-0 Re8 14. Bf4 Ne5 15. Bc2 h6 16. Bh2 g5 17. f4 gxf4 18. Rxf4 Ng6 19. Rf2 Qb6 20. Raf1 Qxb2 21. Qd2 Nd7 22. Nd1 Qd4 23. Bxd6 Qxd2 24. Rxd2 Bd4+ 25. Kh2 Nde5 26. Re2 b5 27. Ne3 Bxe3 28. Rxe3 Nc4 29. Bxc5 Rac8 30. Rg3 Rxc5 31. Rf6 bxa4 32. Rxa6 Nd2 33. Bd3 Nxe4 34. Re3 Nd6 35. Rxe8+ Nxe8 36. Bxg6 fxg6 37. Rxg6+ Kf7 38. Ra6 Rc4 39. Ra7+ Kf6 40. Ra6+ Kf5 41. Rxh6 Nf6 42. Rh8 Nxd5 43. Ra8 Nc3 44. Kg3 Rb4 45. Kf3 Rb3 46. Ke3 Nb5+ 47. Kd2 a3 48. Ra4 Rb2+ 49. Kc1 Rxg2 50. Ra5 Ke6 51. Kb1 Nc3+ 52. Kc1 Rg1+ 53. Kc2 a2 0-1

[Event "Baku op"]
[Site "Baku"]
[Date "2010.08.29"]
[Round "7"]
[White "Smirin, Ilia"]
[Black "Allahverdiyev, Anar"]
[Result "1-0"]
[WhiteElo "2646"]
[BlackElo "2410"]
[PlyCount "91"]
[EventDate "2010.08.23"]
[EventType "swiss"]
[EventRounds "9"]
[EventCountry "AZE"]
[SourceTitle "CBM 138 Extra"]
[Source "ChessBase"]
[SourceDate "2010.10.29"]
[SourceVersion "1"]
[SourceVersionDate "2010.10.29"]
[SourceQuality "1"]

1. e4 e5 2. Nf3 Nc6 3. Bb5 a6 4. Ba4 Nf6 5. 0-0 Be7 6. Re1 b5 7. Bb3 d6 8. c3 0-0 9. h3 Nb8 10. d4 Nbd7 11. c4 Bb7 12. Nc3 c6 13. a3 h6 14. Be3 Re8 15. Ba2 Rb8 16. b4 exd4 17. Nxd4 Bf8 18. Nf5 Ne5 19. c5 dxc5 20. Bxc5 Bc8 21. Nd6 Bxd6 22. Bxd6 Ra8 23. Qd4 Ng6 24. Rad1 Nh5 25. e5 Nhf4 26. Re3 a5 27. Bb1 axb4 28. axb4 Be6 29. Be4 Ra6 30. Kh2 Qh4 31. Rg3 Rd8 32. Bxg6 Nxg6 33. Ne4 Qh5 34. Nc5 Ra2 35. Nxe6 fxe6 36. Rc1 Nh4 37. Rxc6 Nf5 38. Qb6 Rda8 39. Rg4 Qe8 40. Rc7 g5 41. Re4 Rd2 42. Re1 Rd3 43. Rec1 Rd8 44. Qb7 Nxd6 45. Rg7+ Kf8 46. exd6 1-0

[Event "Baku op"]
[Site "Baku"]
[Date "2010.08.26"]
[Round "4"]
[White "Allahverdiyev, Anar"]
[Black "Sutovsky, Emil"]
[Result "1/2-1/2"]
[WhiteElo "2410"]
[BlackElo "2665"]
[PlyCount "119"]
[EventDate "2010.08.23"]
[EventType "swiss"]
[EventRounds "9"]
[EventCountry "AZE"]
[SourceTitle "CBM 138 Extra"]
[Source "ChessBase"]
[SourceDate "2010.10.29"]
[SourceVersion "1"]
[SourceVersionDate "2010.10.29"]
[SourceQuality "1"]

1. c4 e5 2. g3 Nf6 3. Bg2 c6 4. d4 Bb4+ 5. Bd2 Bxd2+ 6. Qxd2 e4 7. Nc3 d5 8. Nh3 Bf5 9. cxd5 cxd5 10. f3 exf3 11. exf3 Qe7+ 12. Kf2 Bxh3 13. Bxh3 0-0 14. Rad1 Nc6 15. Bf5 Rfe8 16. Rhe1 Qb4 17. a3 Qb6 18. Rxe8+ Rxe8 19. Bb1 Rc8 20. Ne2 Ne5 21. Ba2 Re8 22. Nc3 Nc4 23. Bxc4 dxc4 24. Kg2 Nd7 25. Ne4 Rd8 26. Qe2 Re8 27. Qd2 f5 28. Nf2 Qe6 29. Kf1 Qe3 30. Qxe3 Rxe3 31. Rc1 b5 32. Rc3 Re8 33. a4 a6 34. axb5 axb5 35. b3 Nb6 36. bxc4 Nxc4 37. Nd1 Kf7 38. Kf2 Rd8 39. Ne3 Nd6 40. Rc7+ Ke6 41. Rxg7 b4 42. Ke2 b3 43. Nd1 Nb5 44. Rb7 Nxd4+ 45. Ke3 Kd5 46. Rxh7 Kc4 47. Rc7+ Kb4 48. Rb7+ Nb5 49. Nb2 Rd5 50. Rb8 Re5+ 51. Kd2 Rd5+ 52. Ke3 Kc3 53. Na4+ Kb4 54. Nb2 Kc3 55. Na4+ Kc2 56. Rc8+ Kb1 57. Rb8 Kc2 58. Rc8+ Kb1 59. Rb8 Kc2 60. Rc8+ 1/2-1/2

[Event "Baku op"]
[Site "Baku"]
[Date "2010.08.25"]
[Round "3"]
[White "Savchenko, Boris"]
[Black "Allahverdiyev, Anar"]
[Result "0-1"]
[WhiteElo "2623"]
[BlackElo "2410"]
[PlyCount "92"]
[EventDate "2010.08.23"]
[EventType "swiss"]
[EventRounds "9"]
[EventCountry "AZE"]
[SourceTitle "CBM 138 Extra"]
[Source "ChessBase"]
[SourceDate "2010.10.29"]
[SourceVersion "1"]
[SourceVersionDate "2010.10.29"]
[SourceQuality "1"]

1. c4 Nf6 2. d4 e6 3. Nf3 b6 4. g3 Ba6 5. b3 d5 6. Bg2 Bb4+ 7. Nbd2 Nbd7 8. 0-0 0-0 9. a3 Be7 10. Ne5 Bb7 11. Bb2 c5 12. cxd5 exd5 13. Ndc4 cxd4 14. Nxd7 Qxd7 15. Ne5 Qe6 16. Nf3 Ne4 17. Bxd4 Rac8 18. e3 Ba6 19. Re1 Rc7 20. Be5 Rcc8 21. Qb1 Bf6 22. Bd4 Bxd4 23. Nxd4 Qe5 24. Qb2 h5 25. a4 h4 26. g4 Bb7 27. h3 Rc5 28. b4 Rc4 29. a5 Rfc8 30. a6 Bc6 31. Bf1 Ba8 32. Bg2 Qf6 33. Re2 Bc6 34. Nf3 Nc3 35. Rd2 Bd7 36. Nd4 Qe7 37. Rc1 Qxb4 38. Qxb4 Rxb4 39. Rdc2 Rbc4 40. Bxd5 Ne2+ 41. Kf1 Rxc2 42. Rxc2 Nxd4 43. Rxc8+ Bxc8 44. exd4 Bxa6+ 45. Kg2 Kf8 46. f4 f6 0-1

[Event "Pardubice Czech op-A 21st"]
[Site "Pardubice"]
[Date "2010.07.26"]
[Round "4"]
[White "Allahverdiyev, Anar"]
[Black "Grigoriants, Sergey"]
[Result "1/2-1/2"]
[WhiteElo "2410"]
[BlackElo "2566"]
[PlyCount "24"]
[EventDate "2010.07.23"]
[EventType "swiss"]
[EventRounds "9"]
[EventCountry "CZE"]
[SourceTitle "CBM 137 Extra"]
[Source "ChessBase"]
[SourceDate "2010.09.01"]
[SourceVersion "1"]
[SourceVersionDate "2010.09.01"]
[SourceQuality "1"]

1. c4 e5 2. g3 Nf6 3. Bg2 d5 4. cxd5 Nxd5 5. Nc3 Nb6 6. Nf3 Nc6 7. 0-0 Be7 8. d3 0-0 9. a4 a5 10. Be3 Bg4 11. Nd2 Re8 12. Rc1 Rb8 1/2-1/2

[Event "Pardubice Czech op-A 21st"]
[Site "Pardubice"]
[Date "2010.07.23"]
[Round "1"]
[White "Oresky, Jan"]
[Black "Allahverdiyev, Anar"]
[Result "0-1"]
[WhiteElo "2209"]
[BlackElo "2410"]
[PlyCount "80"]
[EventDate "2010.07.23"]
[EventType "swiss"]
[EventRounds "9"]
[EventCountry "CZE"]
[SourceTitle "CBM 137 Extra"]
[Source "ChessBase"]
[SourceDate "2010.09.01"]
[SourceVersion "1"]
[SourceVersionDate "2010.09.01"]
[SourceQuality "1"]

1. e4 c5 2. Nf3 Nc6 3. d4 cxd4 4. Nxd4 g6 5. Nc3 Bg7 6. Be3 Nf6 7. Bc4 0-0 8. Bb3 d6 9. f3 Na5 10. Qd2 Nxb3 11. axb3 Re8 12. 0-0-0 Qa5 13. Kb1 Bd7 14. h4 Rab8 15. Nde2 b5 16. h5 b4 17. hxg6 bxc3 18. gxf7+ Kxf7 19. Nxc3 Rec8 20. g4 Rc6 21. Na4 Qxd2 22. Rxd2 Ra6 23. g5 Nxe4 24. fxe4 Bxa4 25. Rxh7 Bc6 26. Rf2+ Kg6 27. Rh4 Ra5 28. Bd2 Rc5 29. Be3 Re5 30. Bxa7 Ra8 31. Bd4 Rea5 32. c3 Bxd4 33. cxd4 Rxg5 34. Kc2 Rc8 35. Kd2 Rb8 36. Kc2 Rg3 37. d5 Bb5 38. Rhf4 Bd3+ 39. Kd1 Rxb3 40. Rf8 Bxe4 0-1

[Event "Fajr op 16th"]
[Site "Urmia"]
[Date "2008.02.06"]
[Round "7"]
[White "Ashtiani, Mehrdad"]
[Black "Allahverdiyev, Anar"]
[Result "0-1"]
[WhiteElo "2131"]
[BlackElo "2463"]
[PlyCount "72"]
[EventDate "2008.02.03"]
[EventType "swiss"]
[EventRounds "11"]
[EventCountry "IRI"]
[SourceTitle "CBM 122 Extra"]
[Source "ChessBase"]
[SourceDate "2008.03.04"]
[SourceVersion "1"]
[SourceVersionDate "2008.03.04"]
[SourceQuality "1"]

1. d4 e6 2. Nf3 Nf6 3. c4 b6 4. g3 Bb7 5. Bg2 c5 6. dxc5 Bxc5 7. 0-0 Be7 8. b3 d6 9. Bb2 Qc7 10. Na3 a6 11. Nc2 Nbd7 12. Ne3 0-0 13. Rc1 Rac8 14. Qd4 Qb8 15. Rfd1 Rfd8 16. h4 Bf8 17. Bh3 b5 18. cxb5 axb5 19. Rxc8 Rxc8 20. Rc1 Rxc1+ 21. Bxc1 Qa8 22. a4 bxa4 23. bxa4 Bc6 24. Ba3 d5 25. Bxf8 Nxf8 26. Ne5 Bxa4 27. N3g4 Nxg4 28. Bxg4 f6 29. Nd3 Be8 30. Qb6 Qc6 31. Qxc6 Bxc6 32. f4 Kf7 33. Kf2 Ke7 34. Ke3 Kd6 35. Kd4 Nd7 36. Ke3 Bb5 0-1

[Event "Abu Dhabi op 16th"]
[Site "Abu Dhabi"]
[Date "2006.08.18"]
[Round "6"]
[White "Bakre, Tejas"]
[Black "Allahverdiyev, Anar"]
[Result "0-1"]
[WhiteElo "2454"]
[BlackElo "2435"]
[PlyCount "112"]
[EventDate "2006.08.12"]
[EventType "swiss"]
[EventRounds "9"]
[EventCountry "UAE"]
[SourceTitle "CBM 113 Extra"]
[Source "ChessBase"]
[SourceDate "2006.09.14"]
[SourceVersion "1"]
[SourceVersionDate "2006.09.14"]
[SourceQuality "1"]

1. d4 Nf6 2. Nf3 e6 3. e3 b6 4. Bd3 Bb7 5. Nbd2 c5 6. 0-0 Be7 7. c3 cxd4 8. exd4 0-0 9. Qe2 d6 10. Ne4 Nxe4 11. Bxe4 Bxe4 12. Qxe4 Nd7 13. Bf4 Nf6 14. Qb7 Nd5 15. Bg3 Qc8 16. Qxc8 Rfxc8 17. Ne1 b5 18. Nd3 a5 19. a4 bxa4 20. Rxa4 Nb6 21. Ra2 a4 22. Rfa1 d5 23. f3 a3 24. Be1 Na4 25. Kf1 h6 26. Ke2 axb2 27. Nxb2 Nxc3+ 28. Bxc3 Rxa2 29. Rxa2 Rxc3 30. Nd3 Bf6 31. Ke3 g6 32. g4 Kg7 33. Rb2 Bg5+ 34. Ke2 Rc4 35. Ne5 Rxd4 36. Rb7 Rf4 37. Kf2 h5 38. h3 hxg4 39. hxg4 Bd8 40. Ke3 g5 41. Kd3 Ba5 42. Nc6 Rxf3+ 43. Ke2 Ra3 44. Ne5 Kf6 45. Nd7+ Ke7 46. Ne5+ Bc7 47. Nf3 Rc3 48. Nxg5 Kf6 49. Nf3 Bf4 50. Rd7 Rc7 51. Rd8 Ke7 52. Ra8 e5 53. Ra6 Rc2+ 54. Kf1 d4 55. Nh4 d3 56. Nf5+ Ke8 0-1

[Event "Baku President's Cup 1st"]
[Site "Baku"]
[Date "2006.05.08"]
[Round "5"]
[White "Allahverdiyev, Anar"]
[Black "Sanikidze, Tornike"]
[Result "1-0"]
[WhiteElo "2434"]
[BlackElo "2413"]
[PlyCount "171"]
[EventDate "2006.05.03"]
[EventType "swiss"]
[EventRounds "9"]
[EventCountry "AZE"]
[SourceTitle "CBM 112 Extra"]
[Source "ChessBase"]
[SourceDate "2006.07.14"]
[SourceVersion "1"]
[SourceVersionDate "2006.07.14"]
[SourceQuality "1"]

1. e4 e5 2. Nf3 Nc6 3. Bb5 a6 4. Ba4 Nf6 5. 0-0 Be7 6. Re1 b5 7. Bb3 d6 8. c3 0-0 9. h3 Nb8 10. d4 Nbd7 11. Nbd2 c5 12. a4 Bb7 13. d5 Ne8 14. Nf1 g6 15. Bc2 Ng7 16. Bh6 Kh8 17. b3 Nf6 18. Qe2 Qb6 19. N3d2 Ng8 20. Bxg7+ Kxg7 21. Bd3 Rab8 22. Ra2 Nf6 23. axb5 axb5 24. Rea1 Bc8 25. Ra7 Bd7 26. R1a6 Qd8 27. Ng3 h5 28. Nf3 b4 29. c4 Rh8 30. Qe3 h4 31. Ne2 Bc8 32. Ra1 Bb7 33. Qd2 Nh5 34. R1a5 Ra8 35. Rxa8 Bxa8 36. Ra7 Re8 37. Qa2 Qb8 38. Qa6 Kf8 39. Bc2 Rc8 40. Ne1 Bd8 41. Nd3 Nf6 42. Rxa8 Qxa8 43. Qxd6+ Kg7 44. Qxe5 Qa2 45. Ne1 Bc7 46. d6 Bb8 47. Qe7 Re8 48. Qxe8 Nxe8 49. d7 Bh2+ 50. Kxh2 Qa8 51. dxe8Q Qxe8 52. Kg1 Qe5 53. Kf1 g5 54. Ng1 Qa1 55. Ngf3 f6 56. Nh2 Kf7 57. Ng4 Qc3 58. Ke2 Ke6 59. Ne3 Qa1 60. Nf3 Qb2 61. e5 f5 62. Nxg5+ Kxe5 63. Nf3+ Ke6 64. g3 hxg3 65. fxg3 Kf6 66. Nh4 Ke5 67. Nhxf5 Qc1 68. h4 Qh1 69. Kf2 Qh2+ 70. Kf3 Qh3 71. Bd1 Qh1+ 72. Kg4 Qe4+ 73. Kg5 Qa8 74. h5 Qd8+ 75. Kg4 Qe8 76. Kf3 Qa8+ 77. Kf2 Qh1 78. Nh4 Kf6 79. h6 Qb7 80. Bc2 Kg5 81. h7 Qb8 82. Ng6 Qc7 83. h8B Qd6 84. Be5 Qd2+ 85. Kf3 Qh2 86. Bf4+ 1-0

[Event "Baku President's Cup 1st"]
[Site "Baku"]
[Date "2006.05.06"]
[Round "3"]
[White "Allahverdiyev, Anar"]
[Black "Umudova, Nargiz"]
[Result "1-0"]
[WhiteElo "2434"]
[BlackElo "2176"]
[PlyCount "115"]
[EventDate "2006.05.03"]
[EventType "swiss"]
[EventRounds "9"]
[EventCountry "AZE"]
[SourceTitle "CBM 112 Extra"]
[Source "ChessBase"]
[SourceDate "2006.07.14"]
[SourceVersion "1"]
[SourceVersionDate "2006.07.14"]
[SourceQuality "1"]

1. d4 Nf6 2. Nc3 d5 3. Bg5 Nbd7 4. f3 c5 5. dxc5 e6 6. e4 Bxc5 7. exd5 0-0 8. Qd2 exd5 9. 0-0-0 Qa5 10. Nge2 d4 11. Bxf6 Nxf6 12. Nxd4 Bb4 13. Nb3 Qc7 14. Qd4 Bxc3 15. Qxc3 Qxc3 16. bxc3 Be6 17. Nd4 Bxa2 18. c4 Rac8 19. Nf5 Rc5 20. Nd6 Rd8 21. Nxb7 Rxd1+ 22. Kxd1 Rc7 23. Na5 Rc5 24. Nb3 Bxb3 25. cxb3 Ra5 26. Kd2 Ra1 27. g3 a5 28. Kc3 Rc1+ 29. Kd4 Rb1 30. c5 Kf8 31. c6 Ne8 32. Kc5 Ke7 33. Bg2 Rxb3 34. Re1+ Kf8 35. f4 a4 36. Ra1 a3 37. Bd5 Rc3+ 38. Kd4 Rc2 39. Rxa3 Nc7 40. Ra2 Rc1 41. Bg2 Ke7 42. Rd2 Nb5+ 43. Ke3 Nd6 44. Ra2 Nb5 45. Rb2 Nd6 46. Kd2 Rg1 47. Kc3 Rc1+ 48. Kb4 Rc4+ 49. Ka5 Kd8 50. Kb6 Nc8+ 51. Kb7 Nd6+ 52. Kb8 f5 53. Rb6 Nc8 54. Rb7 Ne7 55. c7+ Ke8 56. Rb2 Kd7 57. Rd2+ Ke6 58. Re2+ 1-0

[Event "Porto Carras op 2nd"]
[Site "Porto Carras"]
[Date "2005.04.27"]
[Round "8"]
[White "Obodchuk, Andrei"]
[Black "Allahverdiyev, Anar"]
[Result "1/2-1/2"]
[WhiteElo "2442"]
[BlackElo "2441"]
[PlyCount "64"]
[EventDate "2005.04.22"]
[EventType "swiss"]
[EventRounds "9"]
[EventCountry "GRE"]
[SourceTitle "CBM 105 Extra"]
[Source "ChessBase"]
[SourceDate "2005.05.01"]
[SourceVersion "1"]
[SourceVersionDate "2005.05.01"]
[SourceQuality "1"]

1. d4 Nf6 2. c4 e6 3. Nf3 Bb4+ 4. Nbd2 b6 5. a3 Bxd2+ 6. Bxd2 Bb7 7. Bg5 d6 8. e3 Nbd7 9. Nd2 h6 10. Bh4 Qe7 11. f3 c5 12. dxc5 dxc5 13. Be2 0-0 14. Qc2 Ne5 15. 0-0-0 a6 16. g4 b5 17. Rhg1 Rfd8 18. g5 Nfd7 19. Ne4 Ng6 20. Bg3 Bxe4 21. Qxe4 hxg5 22. Bd6 Qe8 23. cxb5 Nf6 24. Qc6 axb5 25. Qxb5 Qxb5 26. Bxb5 Nd5 27. Bg3 Rdc8 28. Bf2 Ne5 29. e4 Nf4 30. Rxg5 f6 31. Rxe5 fxe5 32. Kc2 Kf7 1/2-1/2

[Event "Porto Carras op 2nd"]
[Site "Porto Carras"]
[Date "2005.04.24"]
[Round "4"]
[White "Schmitz, Andreas Arnold"]
[Black "Allahverdiyev, Anar"]
[Result "1/2-1/2"]
[WhiteElo "2151"]
[BlackElo "2441"]
[PlyCount "26"]
[EventDate "2005.04.22"]
[EventType "swiss"]
[EventRounds "9"]
[EventCountry "GRE"]
[SourceTitle "CBM 105 Extra"]
[Source "ChessBase"]
[SourceDate "2005.05.01"]
[SourceVersion "1"]
[SourceVersionDate "2005.05.01"]
[SourceQuality "1"]

1. e4 e5 2. Nf3 Nc6 3. Bc4 Bc5 4. c3 Nf6 5. d4 exd4 6. cxd4 Bb4+ 7. Bd2 Bxd2+ 8. Nbxd2 d5 9. exd5 Nxd5 10. 0-0 0-0 11. Ne5 Nxd4 12. Nb3 c5 13. Nxd4 cxd4 1/2-1/2

[Event "Chalkidiki White Tower op"]
[Site "Chalkidiki"]
[Date "2000.10.09"]
[Round "7"]
[White "Allahverdiyev, Anar"]
[Black "Milanovic, Danilo"]
[Result "1-0"]
[WhiteElo "2403"]
[BlackElo "2399"]
[PlyCount "105"]
[EventDate "2000.10.03"]
[EventType "swiss"]
[EventRounds "7"]
[EventCountry "GRE"]
[SourceTitle "EXT 2001"]
[Source "ChessBase"]
[SourceDate "2000.11.22"]
[SourceVersion "1"]
[SourceVersionDate "2000.11.22"]
[SourceQuality "1"]

1. c4 e5 2. Nc3 d6 3. g3 Nc6 4. Bg2 Be6 5. d3 Qd7 6. Rb1 g6 7. b4 Bg7 8. b5 Nd8 9. a4 Ne7 10. Nd5 0-0 11. a5 Rc8 12. Qb3 Nf5 13. Nf3 c6 14. 0-0 f6 15. bxc6 bxc6 16. Nc3 d5 17. Ba3 Re8 18. Qa4 Qf7 19. Nd2 Bh6 20. Rfd1 Bxd2 21. Rxd2 dxc4 22. dxc4 Bxc4 23. Qd1 Nd4 24. Ne4 f5 25. Nd6 Qe6 26. Rxd4 exd4 27. Qxd4 c5 28. Qxc4 Qxc4 29. Nxc4 Rxe2 30. Nd6 Rc7 31. Bf1 Rd2 32. Nc4 Rd4 33. Bb2 Rb7 34. Rc1 Rdd7 35. a6 Rb4 36. Ba3 Ra4 37. Bxc5 Ne6 38. Be3 Rc7 39. Nb2 Rxc1 40. Nxa4 Ra1 41. Nc5 Nc7 42. Kg2 Kf8 43. Bf4 Nd5 44. Bb8 g5 45. Ne6+ Ke7 46. Nxg5 Nb4 47. Bxa7 Nxa6 48. Nxh7 Nc7 49. Bc5+ Kf7 50. h4 Ne6 51. Ng5+ Nxg5 52. hxg5 Kg6 53. Bd4 1-0

[Event "Chalkidiki White Tower op"]
[Site "Chalkidiki"]
[Date "2000.10.08"]
[Round "6"]
[White "Gadjily, Raouf"]
[Black "Allahverdiyev, Anar"]
[Result "0-1"]
[WhiteElo "2413"]
[BlackElo "2403"]
[PlyCount "84"]
[EventDate "2000.10.03"]
[EventType "swiss"]
[EventRounds "7"]
[EventCountry "GRE"]
[SourceTitle "EXT 2001"]
[Source "ChessBase"]
[SourceDate "2000.11.22"]
[SourceVersion "1"]
[SourceVersionDate "2000.11.22"]
[SourceQuality "1"]

1. d4 Nf6 2. c4 e6 3. Nc3 Bb4 4. a3 Bxc3+ 5. bxc3 d6 6. Nf3 Nbd7 7. e3 0-0 8. Bd3 Re8 9. 0-0 Qe7 10. e4 e5 11. d5 Nf8 12. Be3 b6 13. Bc2 h6 14. Nd2 g5 15. g3 Bh3 16. Re1 Ng6 17. f3 Bd7 18. Kh1 Kg7 19. Ba4 Rg8 20. Rg1 Kh7 21. Bxd7 Qxd7 22. Qb3 Qh3 23. Qb5 Ne7 24. Rg2 h5 25. a4 a5 26. Rb1 Rg6 27. Qb2 Nfg8 28. Qc2 Nh6 29. Rf1 Rag8 30. Bg1 f5 31. exf5 Qxf5 32. Qxf5 Nhxf5 33. Rb1 g4 34. fxg4 Rxg4 35. Re1 h4 36. Ne4 R8g6 37. Bf2 hxg3 38. Bxg3 Kg7 39. Ree2 Ng8 40. Rgf2 Nf6 41. Nd2 Nxg3+ 42. hxg3 Rxg3 0-1

[Event "St Petersburg White Nights op"]
[Site "St Petersburg"]
[Date "2000.06.30"]
[Round "7"]
[White "Allahverdiyev, Anar"]
[Black "Sivokho, Sergey V"]
[Result "0-1"]
[WhiteElo "2403"]
[BlackElo "2436"]
[PlyCount "84"]
[EventDate "2000.06.23"]
[EventType "swiss"]
[EventRounds "9"]
[EventCountry "RUS"]
[SourceTitle "CBM 076 Extra"]
[Source "ChessBase"]
[SourceDate "2000.07.11"]
[SourceVersion "1"]
[SourceVersionDate "2000.07.11"]
[SourceQuality "1"]

1. c4 c5 2. Nc3 Nc6 3. g3 g6 4. Bg2 Bg7 5. a3 a5 6. d3 d6 7. Rb1 e5 8. e3 Nge7 9. Nge2 0-0 10. 0-0 Rb8 11. b3 Be6 12. Nd5 b5 13. Bb2 Qd7 14. Nec3 b4 15. axb4 axb4 16. Ne2 Bxd5 17. cxd5 Na7 18. Ra1 Nb5 19. Ra4 Nc7 20. e4 Ra8 21. Rxa8 Rxa8 22. f4 Nb5 23. Kh1 Nc8 24. Qc1 Qe7 25. f5 Nb6 26. Ng1 Nd4 27. Bxd4 exd4 28. Bh3 Ra3 29. Rf2 Rxb3 30. Qf1 f6 31. fxg6 hxg6 32. Be6+ Kh7 33. Qd1 Ra3 34. Qg4 Bh6 35. Nf3 b3 36. e5 Ra1+ 37. Kg2 Ra2 38. Nh4 Bg5 39. Qh3 Rxf2+ 40. Kxf2 Bxh4 41. Qxh4+ Kg7 42. exd6 Qxd6 0-1

[Event "St Petersburg White Nights op"]
[Site "St Petersburg"]
[Date "2000.06.24"]
[Round "2"]
[White "Allahverdiyev, Anar"]
[Black "Malinin, Vasily Borisovich"]
[Result "1-0"]
[WhiteElo "2403"]
[BlackElo "2338"]
[PlyCount "55"]
[EventDate "2000.06.23"]
[EventType "swiss"]
[EventRounds "9"]
[EventCountry "RUS"]
[SourceTitle "CBM 076 Extra"]
[Source "ChessBase"]
[SourceDate "2000.07.11"]
[SourceVersion "1"]
[SourceVersionDate "2000.07.11"]
[SourceQuality "1"]

1. c4 e5 2. Nc3 Nf6 3. g3 d5 4. cxd5 Nxd5 5. Bg2 Be6 6. Nf3 Nc6 7. 0-0 Be7 8. d4 exd4 9. Nb5 Nb6 10. Bf4 Nd5 11. Nfxd4 Nxd4 12. Qxd4 Bf6 13. Qc5 Qe7 14. Qxe7+ Kxe7 15. Bxd5 Bxd5 16. Nxc7 Rad8 17. Nxd5+ Rxd5 18. e4 Rb5 19. a4 Rc5 20. Rad1 Rd8 21. b4 Rh5 22. g4 Rh4 23. f3 g5 24. e5 Rxd1 25. exf6+ Kxf6 26. Rxd1 gxf4 27. Rd7 h5 28. g5+ 1-0

[Event "St Petersburg White Nights op"]
[Site "St Petersburg"]
[Date "2000.06.23"]
[Round "1"]
[White "Pliasunov, Aleksej"]
[Black "Allahverdiyev, Anar"]
[Result "0-1"]
[WhiteElo "2221"]
[BlackElo "2403"]
[PlyCount "70"]
[EventDate "2000.06.23"]
[EventType "swiss"]
[EventRounds "9"]
[EventCountry "RUS"]
[SourceTitle "CBM 076 Extra"]
[Source "ChessBase"]
[SourceDate "2000.07.11"]
[SourceVersion "1"]
[SourceVersionDate "2000.07.11"]
[SourceQuality "1"]

1. d4 Nf6 2. c4 e6 3. Nf3 Bb4+ 4. Nbd2 0-0 5. g3 b6 6. Bg2 Bb7 7. 0-0 Bxd2 8. Qxd2 d6 9. Qg5 Nbd7 10. Qh4 Qc8 11. Rd1 Be4 12. g4 d5 13. g5 Ne8 14. cxd5 exd5 15. Bf4 Qa6 16. Rd2 Nd6 17. Bxd6 cxd6 18. Qg3 Rad8 19. Nh4 Rfe8 20. Kf1 Nf8 21. Bxe4 Rxe4 22. Nf5 Qc8 23. Qf3 Ng6 24. e3 Qe6 25. Rc1 Nh4 26. Nxh4 Rxh4 27. Rc7 Rf8 28. Rdc2 Rg4 29. Rxa7 Rxg5 30. Rcc7 h5 31. h4 Rg4 32. Re7 Qg6 33. Qxd5 Qb1+ 34. Ke2 Qc2+ 35. Kf3 Qd1# 0-1